000 01026 a2200229 4500
999 _c6498
_d6498
020 _a9781844076345 (hardcover)
020 _a1844076342 (hardcover)
050 0 0 _aQL 82 SUI 2009
245 0 0 _aEvolution and innovation in wildlife conservation :
_bparks and game ranches to transfrontier conservation areas /
_cedited by Helen Suich and Brian Child with Anna Spenceley.
264 _aUnited Kingdom:
_bEarthscan,
_c2009
300 _axvii, 462 p. :
_bill., maps ;
500 _aIncludes author biographies.
504 _aIncludes bibliographical references and index.
650 0 _aWildlife conservation.
650 0 _aWildlife conservation
700 1 _aSuich, Helen.
700 1 _aChild, B.
_q(Brian)
700 1 _aSpenceley, Anna.
856 4 1 _3Table of contents only
_uhttp://www.loc.gov/catdir/toc/ecip0826/2008036281.html
942 _2lcc
_cBK
_h82
_iSUI
_kQL